| 000 | 00759nam a22002417a 4500 | ||
|---|---|---|---|
| 003 | SEM | ||
| 999 |
_c72138 _d72138 |
||
| 005 | 20220608074941.0 | ||
| 008 | 220125s1995 us ||||gr|||||00| 0 eng|d | ||
| 020 | _a1850755361 | ||
| 040 |
_aSEM _cSEM |
||
| 041 | _aeng | ||
| 082 | _a228/B-91 | ||
| 100 | _aBryan David | ||
| 245 |
_aCosmos, Chaos and the Kosher Mentality / _cD. Bryan |
||
| 260 |
_aEngland : _bSheffield Academic press, _c1995. |
||
| 300 |
_a303 p. ; _c22 cm |
||
| 490 |
_aJournal for the study of the Pseudepigrapha: Spplement series _v12 |
||
| 504 | _aAppendix p.: 257-272; Bibliography p.: 273-285; indexes p.: 286-303 | ||
| 650 | _aApocalypse | ||
| 653 | _aՍԷՄ | ||
| 830 |
_aJournal for the study of the Pseudepigrapha: Spplement series _s12 |
||
| 942 |
_2ddc _cBK |
||